Leaders make the future (Record no. 196334)
[ view plain ]
| 000 -LEADER | |
|---|---|
| fixed length control field | 01870nam a2200349 a 4500 |
| 082 04 - DEWEY DECIMAL CLASSIFICATION NUMBER | |
| Classification number | 658.4/092 |
| 100 1# - MAIN ENTRY--AUTHOR NAME | |
| Personal name | Johansen, Robert. |
| 245 10 - TITLE STATEMENT | |
| Title | Leaders make the future |
| 250 ## - EDITION STATEMENT | |
| Edition statement | 2nd ed., rev. and expanded. |
| 260 ## - PUBLICATION, DISTRIBUTION, ETC. (IMPRINT) | |
| Place of publication | San Francisco, Calif. : |
| Name of publisher | Berrett-Koehler Publishers, Inc., |
| Year of publication | c2012. |
| 300 ## - PHYSICAL DESCRIPTION | |
| Number of Pages | xxii, 245 p. : |
| Other physical details | ill., port. |
| 505 0# - FORMATTED CONTENTS NOTE | |
| Formatted contents note | Foreword / John R. Ryan, President and CEO, Center for Creative -- Introduction: listening for the future -- Maker instinct -- Clarity -- Dilemma flipping -- Immersive learning ability -- Bio-empathy -- Constructive depolarizing -- Quiet transparency -- Rapid prototyping -- Smart-mob organizing -- Commons creating -- Future immersion for leadership development -- Learning the ten future leadership skills yourself -- Notes -- Bibliography -- Acknowledgments -- Index -- About the author -- About IFTF. |
| 650 #0 - SUBJECT ADDED ENTRY--TOPICAL TERM | |
| Topical Term | Leadership. |
| Topical Term | Executive ability. |
| 700 1# - ADDED ENTRY--PERSONAL NAME | |
| Personal name | Vera, Juan Dal. |
| 856 40 - ELECTRONIC LOCATION AND ACCESS | |
| Uniform Resource Identifier | http://site.ebrary.com/lib/rucke/Doc?id=10553727 |
No items available.
